College Quizbowl Stats
College Quizbowl Stats
Circuits
Seasons
Sets
Records
Detailed Stats
About
Loading...
2024 ACF Winter at Online
Tossups
Bonuses
Players
Teams
Categories (Tossup)
Categories (Bonus)
Hrishit
NYU B
Categories
Category
Powers
Gets
Negs
BBs
Points
Earliest Buzz
Avg. Buzz
First Buzzes
Top 3 Buzzes
BPA
PVF
Literature - World/Other
0
1
0
0
10
57
57.00
1
1
0.00
0.00
Fine Arts - Other
0
0
1
0
-5
0.00
0
0
0.00
0.00
Other Academic
0
0
1
0
-5
0.00
0
0
0.00
0.00
Philosophy
0
0
1
0
-5
0.00
0
0
0.00
0.00
Buzzes
Category
Answer
Value
Buzz Position
Philosophy
atoms
-5
38
Other Academic
cyber-
-5
51
Literature - World/Other
Matsuo Bashō
10
57
Fine Arts - Other
Herbie Hancock
-5
131
Previous
1
Next